La proteccin̤ de datos personales un derecho autn̤omo con base en los conceptos de intimidad y privacidad /

Detalles Bibliográficos
Autor principal: Conde Ortiz, Concepcin̤
Formato: Desconocido
Lenguaje:español
Publicado: Madrid : Dykinson, [2005]
Materias:
Acceso en línea:Acceso restringido

MARC

LEADER 00000ny a22000003n 4500
003 CaPaEBR
005 20110621120419.0
006 m u
007 cr cn|||||||||
008 200606r2005 sp |||||s|||||||||||spa d
020 |a 9788497725972 
035 |a 1247 
040 |a FlNmELB  |c FlNmELB  |d vlex 
050 1 4 |a QA76.9.D314  |b C745 2005eb 
080 |a 342.7 
090 |c 1291  |d 1291 
100 1 |a Conde Ortiz, Concepcin̤ 
245 1 3 |a La proteccin̤ de datos personales  |h [Recurso electrn̤ico]  |b un derecho autn̤omo con base en los conceptos de intimidad y privacidad /  |c Concepcin̤ Conde Ortiz 
256 |a Servicio en ln̕ea 
260 |a Madrid :  |b Dykinson,  |c [2005] 
300 |a [13]-114 p 
506 1 |a Contenido solo disponible en los productos indicados  |d vLex Global  |d vLex Global (Academic Edition, excluding Law Schools)  |d vLex Global (U.S. Academic Edition, Law Schools)  |d vLex Global (U.S. Academic Edition, excluding Law Schools)  |d vLex Global (Academic Edition, Law Schools) 
650 0 7 |a Derechos humanos  |2 Tesauro vLex 
650 0 7 |a Proteccin̤ de la informacin̤ (Informt̀ica)  |2 Tesauro vLex 
650 0 7 |a Datos personales  |2 Tesauro vLex 
650 0 7 |a Civil  |2 Tesauro vLex 
650 0 7 |a Proteccin̤ de datos personales  |2 Tesauro vLex 
740 0 |a vLex Libros (Servicios en ln̕ea) 
856 4 0 |u http://vlex.com/source/1247  |z Acceso restringido 
942 |c BOOK